[Event "17. Open de Sants Hostafrancs 2015"]
[Site "Barcelona ESP"]
[Date "2015.08.23"]
[Round "3.19"]
[White "Schroeder, Jan-Christian"]
[Black "Morales, Jhon Alexander"]
[Result "1/2-1/2"]
[WhiteElo "2473"]
[BlackElo "2308"]
[PlyCount "83"]
[EventDate "2015.08.21"]
[EventType "swiss"]
[EventRounds "10"]
[EventCountry "ESP"]
[SourceTitle "Ajedrez en Madrid"]
[Source "lmi"]
[SourceDate "2015.08.21"]

1. e4 c5 2. Nf3 d6 3. d4 cxd4 4. Nxd4 Nf6 5. Nc3 Nc6 6. Bg5 e6 7. Qd2 Be7 8.
O-O-O O-O 9. f4 Nxd4 10. Qxd4 Qa5 11. e5 dxe5 12. Qxe5 Qxe5 13. fxe5 Nd5 14.
Bxe7 Nxe7 15. Bd3 b6 16. Be4 Rb8 17. Rhe1 Bb7 18. Rd7 Bxe4 19. Rxe4 Nc6 20. Nb5
Rfd8 21. Rd6 a6 22. Rxc6 axb5 23. c3 h6 24. Kc2 Rb7 25. Rd4 Ra8 26. a3 Kh7 27.
Rb4 Ra5 28. Kd3 Kg6 29. Ke4 Ra4 30. Rd6 Rxb4+ 31. axb4 Kg5 32. b3 Rc7 33. Kd4
Rb7 34. c4 bxc4 35. bxc4 Kf5 36. b5 h5 37. Rd8 h4 38. c5 bxc5+ 39. Kxc5 Rc7+
40. Kd6 Rc2 41. b6 Rd2+ 42. Kc7 1/2-1/2

[Event "17. Open de Sants Hostafrancs 2015"]
[Site "Barcelona ESP"]
[Date "2015.08.23"]
[Round "3.20"]
[White "Bellia, Fabrizio"]
[Black "Vidarte Morales, Arturo"]
[Result "1/2-1/2"]
[WhiteElo "2461"]
[BlackElo "2304"]
[PlyCount "56"]
[EventDate "2015.08.21"]
[EventType "swiss"]
[EventRounds "10"]
[EventCountry "ESP"]
[SourceTitle "Ajedrez en Madrid"]
[Source "lmi"]
[SourceDate "2015.08.21"]

1. d4 Nf6 2. Nf3 e6 3. c4 d5 4. e3 Be7 5. Nbd2 O-O 6. Bd3 c5 7. O-O cxd4 8.
exd4 dxc4 9. Nxc4 Nc6 10. a3 b6 11. Re1 Bb7 12. Bf4 Qd5 13. Ne3 Qd7 14. Bb5 a6
15. Ne5 Qe8 16. Bxc6 Bxc6 17. Nxc6 Qxc6 18. Rc1 Qb5 19. a4 Qd7 20. Qb3 Rac8 21.
Qxb6 Qxa4 22. g3 Qb5 23. Qxb5 axb5 24. Rxc8 Rxc8 25. g4 h6 26. Ra1 Bf8 27. Ra5
b4 28. h3 Rd8 1/2-1/2

[Event "17. Open de Sants Hostafrancs 2015"]
[Site "Barcelona ESP"]
[Date "2015.08.23"]
[Round "3.21"]
[White "Pogorelov, Ruslan"]
[Black "Valsecchi, Alessio"]
[Result "0-1"]
[WhiteElo "2302"]
[BlackElo "2459"]
[PlyCount "64"]
[EventDate "2015.08.21"]
[EventType "swiss"]
[EventRounds "10"]
[EventCountry "ESP"]
[SourceTitle "Ajedrez en Madrid"]
[Source "lmi"]
[SourceDate "2015.08.21"]

1. d4 Nf6 2. c4 g6 3. Nc3 d5 4. e3 Bg7 5. Qb3 c5 6. dxc5 O-O 7. cxd5 Nbd7 8.
Qa3 b6 9. cxb6 Nxb6 10. Nf3 Nfxd5 11. Bd2 Bg4 12. Be2 Bxf3 13. gxf3 e6 14. h4
a5 15. Nxd5 Nxd5 16. h5 Qf6 17. hxg6 hxg6 18. Rc1 Rfb8 19. Bc3 Nxc3 20. bxc3 a4
21. c4 Qg5 22. Qd3 Rb2 23. Kf1 Rxa2 24. c5 a3 25. c6 Bb2 26. Rd1 Ra1 27. Rxa1
Bxa1 28. f4 Qd5 29. Qxd5 exd5 30. Bf3 a2 31. Bxd5 Bf6 32. Kg2 a1=Q 0-1

[Event "17. Open de Sants Hostafrancs 2015"]
[Site "Barcelona ESP"]
[Date "2015.08.23"]
[Round "3.22"]
[White "Santarius, Erik F"]
[Black "Galego, Luis"]
[Result "1/2-1/2"]
[WhiteElo "2302"]
[BlackElo "2454"]
[PlyCount "177"]
[EventDate "2015.08.21"]
[EventType "swiss"]
[EventRounds "10"]
[EventCountry "ESP"]
[SourceTitle "Ajedrez en Madrid"]
[Source "lmi"]
[SourceDate "2015.08.21"]

1. e4 d6 2. d4 Nf6 3. Nc3 c6 4. Nf3 Bg4 5. h3 Bxf3 6. Qxf3 e6 7. Bd3 d5 8. O-O
Be7 9. e5 Nfd7 10. Qg4 g6 11. Ne2 c5 12. c3 Nc6 13. Be3 Qb6 14. b3 cxd4 15.
cxd4 Nb4 16. Bb1 Rc8 17. Nf4 Rc7 18. Qe2 a5 19. g3 Qa6 20. Qd2 O-O 21. a3 Nc6
22. Bd3 Qb6 23. Ne2 Rfc8 24. Rfc1 Nd8 25. Rxc7 Rxc7 26. Qb2 Nc6 27. h4 Rc8 28.
h5 Nf8 29. Kg2 f5 30. exf6 Bxf6 31. hxg6 hxg6 32. Rc1 Ne7 33. Rxc8 Nxc8 34. Nf4
Ne7 35. g4 Qd6 36. Ne2 e5 37. dxe5 Bxe5 38. Qc1 Nc6 39. f3 d4 40. Bh6 Bg7 41.
Bc4+ Kh8 42. Ng3 Ne5 43. Ne4 Qc6 44. Qg5 Qc7 45. Bd5 Nh7 46. Bxg7+ Kxg7 47. Qd2
d3 48. Bc4 Nxc4 49. bxc4 Qxc4 50. Qxa5 Qd4 51. Qc7+ Kg8 52. Qxb7 d2 53. Qb3+
Kg7 54. Qd1 Qb2 55. a4 Qa2 56. Nxd2 Ng5 57. Qe2 Ne6 58. Qe3 Kf7 59. Qa7+ Kg8
60. Qb8+ Kf7 61. Qb4 g5 62. a5 Nf4+ 63. Kg3 Qa1 64. Qb7+ Kf8 65. Qc8+ Kg7 66.
Qd7+ Kh6 67. Qd6+ Kg7 68. Qe7+ Kh6 69. Qe3 Qxa5 70. Ne4 Qc7 71. Qd2 Nd5+ 72.
Kg2 Qe5 73. Ng3 Nf4+ 74. Kh2 Kg6 75. Qc2+ Kf7 76. Qh7+ Ke6 77. Qb7 Qh8+ 78. Nh5
Nxh5 79. Qe4+ Kf7 80. Qd5+ Ke7 81. Qe4+ Kf7 82. gxh5 Qxh5+ 83. Kg3 Kf6 84. Qc6+
Kf7 85. Qd7+ Kf6 86. Qg4 Qxg4+ 87. Kxg4 Kg6 88. f4 gxf4 89. Kxf4 1/2-1/2

[Event "17. Open de Sants Hostafrancs 2015"]
[Site "Barcelona ESP"]
[Date "2015.08.23"]
[Round "3.23"]
[White "Congiu, Mathilde"]
[Black "Aloma Vidal, Robert"]
[Result "0-1"]
[WhiteElo "2301"]
[BlackElo "2454"]
[PlyCount "44"]
[EventDate "2015.08.21"]
[EventType "swiss"]
[EventRounds "10"]
[EventCountry "ESP"]
[SourceTitle "Ajedrez en Madrid"]
[Source "lmi"]
[SourceDate "2015.08.21"]

1. e4 e5 2. Nc3 Nf6 3. Bc4 Nxe4 4. Qh5 Nd6 5. Bb3 Be7 6. Qxe5 O-O 7. Nge2 Nc6
8. Qh5 g6 9. Qh3 Nf5 10. Nd5 Re8 11. O-O Bg5 12. Nef4 Ncd4 13. d3 c6 14. Nc3 d5
15. g4 Nh4 16. f3 b5 17. Ng2 Bxc1 18. Raxc1 Nxg2 19. Kxg2 b4 20. Nd1 Ne2 21.
Qh6 g5 22. Nf2 Re6 0-1

[Event "17. Open de Sants Hostafrancs 2015"]
[Site "Barcelona ESP"]
[Date "2015.08.23"]
[Round "3.24"]
[White "Gallego Alcaraz, Andres Felipe"]
[Black "Paramzina, Anastasya"]
[Result "1-0"]
[WhiteElo "2443"]
[BlackElo "2303"]
[PlyCount "79"]
[EventDate "2015.08.21"]
[EventType "swiss"]
[EventRounds "10"]
[EventCountry "ESP"]
[SourceTitle "Ajedrez en Madrid"]
[Source "lmi"]
[SourceDate "2015.08.21"]

1. d4 d5 2. c4 e6 3. Nc3 Be7 4. cxd5 exd5 5. Bf4 Nf6 6. e3 c5 7. dxc5 Bxc5 8.
Bb5+ Nc6 9. Nge2 O-O 10. O-O a6 11. Bxc6 bxc6 12. Na4 Bd6 13. Rc1 Bxf4 14. Nxf4
Qd6 15. Qd4 g5 16. Ne2 Ng4 17. Ng3 Rb8 18. Nc5 Re8 19. h3 Nf6 20. f4 g4 21. e4
Qd8 22. e5 Ne4 23. Nh5 gxh3 24. e6 f6 25. Nxe4 dxe4 26. Nxf6+ Kf8 27. Nxh7+ Kg8
28. Qxd8 Rxd8 29. e7 Re8 30. Nf6+ Kf7 31. Nxe8 Kxe8 32. Rxc6 hxg2 33. Rd1 Kxe7
34. Rc7+ Ke8 35. Rd6 e3 36. Rh6 Kd8 37. Rg7 Bd7 38. Rd6 e2 39. Rdxd7+ Ke8 40.
Rde7+ 1-0

[Event "17. Open de Sants Hostafrancs 2015"]
[Site "Barcelona ESP"]
[Date "2015.08.23"]
[Round "3.25"]
[White "Dourerassou, Jonathan"]
[Black "Arias Igual, Alejandro"]
[Result "1-0"]
[WhiteElo "2436"]
[BlackElo "2302"]
[PlyCount "73"]
[EventDate "2015.08.21"]
[EventType "swiss"]
[EventRounds "10"]
[EventCountry "ESP"]
[SourceTitle "Ajedrez en Madrid"]
[Source "lmi"]
[SourceDate "2015.08.21"]

1. e4 e6 2. d4 d5 3. Nc3 Bb4 4. Nge2 Nf6 5. e5 Nfd7 6. a3 Be7 7. f4 c5 8. Be3
Nc6 9. Qd2 O-O 10. dxc5 Bxc5 11. Nd4 Nxd4 12. Bxd4 Bxd4 13. Qxd4 f6 14. exf6
Qxf6 15. Qxf6 Rxf6 16. g3 Nc5 17. b4 Nd7 18. Bd3 Nb6 19. Kd2 Bd7 20. Ne2 h6 21.
h4 Re8 22. Rae1 e5 23. fxe5 Rxe5 24. Nf4 Rxe1 25. Rxe1 g5 26. Nh5 Rf2+ 27. Ke3
Rf8 28. Rh1 Nc4+ 29. Kd4 Nd2 30. hxg5 hxg5 31. Ke5 Nf3+ 32. Kxd5 Be8 33. Kd6
Bc6 34. Bc4+ Kh7 35. Nf4+ Nh4 36. Ne6 Rf2 37. Rh3 1-0

[Event "17. Open de Sants Hostafrancs 2015"]
[Site "Barcelona ESP"]
[Date "2015.08.23"]
[Round "3.26"]
[White "Sonis, Francesco"]
[Black "Rios, Cristhian Camilo"]
[Result "0-1"]
[WhiteElo "2285"]
[BlackElo "2435"]
[PlyCount "72"]
[EventDate "2015.08.21"]
[EventType "swiss"]
[EventRounds "10"]
[EventCountry "ESP"]
[SourceTitle "Ajedrez en Madrid"]
[Source "lmi"]
[SourceDate "2015.08.21"]

1. e4 c5 2. Nf3 Nc6 3. c3 d5 4. exd5 Qxd5 5. d4 Bf5 6. Be3 Nf6 7. Na3 e6 8. Nb5
O-O-O 9. c4 Qd7 10. Qa4 cxd4 11. Bf4 Bc5 12. Ne5 Nxe5 13. Bxe5 d3 14. Kd1 d2
15. Be2 Ne4 16. Rf1 f6 17. Qxa7 Qc6 18. Qb8+ Kd7 19. Qc7+ Qxc7 20. Bxc7 Rc8 21.
Ba5 Nxf2+ 22. Kxd2 Ke7 23. b4 Ne4+ 24. Ke1 b6 25. Na7 Bd4 26. Nxc8+ Rxc8 27.
Bxb6 Bxa1 28. a3 Bb2 29. Rf3 Nc3 30. Bc5+ Kf7 31. Bd3 Bxd3 32. Rxd3 Na4 33. Be3
Rxc4 34. Rd7+ Kg6 35. h4 Rxh4 36. b5 Bxa3 0-1

[Event "17. Open de Sants Hostafrancs 2015"]
[Site "Barcelona ESP"]
[Date "2015.08.23"]
[Round "3.27"]
[White "Munoz Pantoja, Miguel"]
[Black "Vittorino, Carlo Giovanni"]
[Result "1/2-1/2"]
[WhiteElo "2434"]
[BlackElo "2301"]
[PlyCount "112"]
[EventDate "2015.08.21"]
[EventType "swiss"]
[EventRounds "10"]
[EventCountry "ESP"]
[SourceTitle "Ajedrez en Madrid"]
[Source "lmi"]
[SourceDate "2015.08.21"]

1. e4 c6 2. Nc3 d5 3. Nf3 Nf6 4. e5 Ne4 5. d4 Nxc3 6. bxc3 Bg4 7. h3 Bxf3 8.
Qxf3 e6 9. Bd3 c5 10. Rb1 Qd7 11. Be3 cxd4 12. cxd4 Nc6 13. O-O Be7 14. c4 dxc4
15. Bxc4 O-O 16. Rfd1 Rfd8 17. Qe4 Nb4 18. a3 Nd5 19. Bb5 Qc7 20. Rdc1 Qa5 21.
Bd3 g6 22. Rxb7 Rab8 23. Rcb1 Rxb7 24. Rxb7 Qe1+ 25. Bf1 Nxe3 26. Qxe3 Qxe3 27.
fxe3 Bxa3 28. Rxa7 Bc1 29. Kf2 Rc8 30. Bd3 Rc3 31. Ke2 h5 32. h4 Kf8 33. g3 Ra3
34. Rc7 Ra2+ 35. Kf3 Bd2 36. Rb7 Be1 37. Rb1 Ba5 38. Rb8+ Kg7 39. Rb7 Ra3 40.
Bc4 Kf8 41. Ke2 Rc3 42. Bb3 Rc7 43. Rb8+ Kg7 44. Rb5 Bc3 45. Rb6 Ba5 46. Ra6
Bb4 47. Rb6 Ba5 48. Rb5 Bc3 49. Kf3 Be1 50. d5 exd5 51. Bxd5 Re7 52. Kf4 Bc3
53. Bb3 Ba1 54. Rc5 Bb2 55. e4 Bd4 56. Rb5 Bc3 1/2-1/2

[Event "17. Open de Sants Hostafrancs 2015"]
[Site "Barcelona ESP"]
[Date "2015.08.23"]
[Round "3.28"]
[White "Sturt, Raven M"]
[Black "Pulvett Marin, Daniel"]
[Result "1-0"]
[WhiteElo "2282"]
[BlackElo "2434"]
[PlyCount "91"]
[EventDate "2015.08.21"]
[EventType "swiss"]
[EventRounds "10"]
[EventCountry "ESP"]
[SourceTitle "Ajedrez en Madrid"]
[Source "lmi"]
[SourceDate "2015.08.21"]

1. e4 c5 2. Nf3 e6 3. g3 d5 4. exd5 exd5 5. Bg2 Nc6 6. O-O Nf6 7. Re1+ Be7 8.
d4 O-O 9. h3 Be6 10. Nc3 Qc8 11. dxc5 Bxc5 12. Bg5 Ne4 13. Nxe4 dxe4 14. Rxe4
Bxh3 15. Qd5 Bb6 16. Rae1 Bf5 17. R4e2 h6 18. Bf4 Rd8 19. Qb3 Rd7 20. c3 Qf8
21. Ne5 Nxe5 22. Rxe5 Bg4 23. Qa4 Rad8 24. Be3 Bc7 25. Bc5 Bd1 26. Qxa7 Bd6 27.
Bxd6 Qxd6 28. Re8+ Rxe8 29. Rxe8+ Kh7 30. Qb8 Qf6 31. Be4+ g6 32. Qe5 Qxe5 33.
Rxe5 Bg4 34. Rb5 f5 35. Bxb7 Be2 36. Rb4 g5 37. f4 Rd2 38. Kf2 Bg4+ 39. Ke3
Re2+ 40. Kd4 gxf4 41. gxf4 h5 42. a4 h4 43. a5 Re1 44. a6 Ra1 45. Kc5 h3 46.
Kb6 1-0

[Event "17. Open de Sants Hostafrancs 2015"]
[Site "Barcelona ESP"]
[Date "2015.08.23"]
[Round "3.29"]
[White "Vassallo Barroche, Mauricio"]
[Black "Domingo Nunez, Ruben"]
[Result "1-0"]
[WhiteElo "2430"]
[BlackElo "2281"]
[PlyCount "63"]
[EventDate "2015.08.21"]
[EventType "swiss"]
[EventRounds "10"]
[EventCountry "ESP"]
[SourceTitle "Ajedrez en Madrid"]
[Source "lmi"]
[SourceDate "2015.08.21"]

1. g3 Nf6 2. Bg2 e6 3. Nf3 b6 4. c4 Bb7 5. O-O Be7 6. b3 O-O 7. Bb2 c5 8. e3 d5
9. Nc3 Nbd7 10. Rc1 Rc8 11. d3 Qc7 12. Qe2 Qb8 13. cxd5 exd5 14. d4 Rfd8 15.
Rfd1 Ne4 16. Bh3 Nxc3 17. Bxc3 c4 18. bxc4 Ba6 19. Ne5 Nxe5 20. dxe5 Rxc4 21.
Qb2 b5 22. Ba5 Rf8 23. Rxd5 Ra4 24. Bc7 Qb7 25. Qd2 Bb4 26. Qd1 Rxa2 27. Bd6
Bxd6 28. exd6 b4 29. d7 Rd8 30. Rc8 Qb6 31. Re5 Bxc8 32. Re8+ 1-0

[Event "17. Open de Sants Hostafrancs 2015"]
[Site "Barcelona ESP"]
[Date "2015.08.23"]
[Round "3.30"]
[White "Cori T., Deysi"]
[Black "Fernandez Diaz, Cristian"]
[Result "1-0"]
[WhiteElo "2426"]
[BlackElo "2277"]
[PlyCount "57"]
[EventDate "2015.08.21"]
[EventType "swiss"]
[EventRounds "10"]
[EventCountry "ESP"]
[SourceTitle "Ajedrez en Madrid"]
[Source "lmi"]
[SourceDate "2015.08.21"]

1. d4 f5 2. c4 Nf6 3. Nc3 e6 4. Qc2 Bb4 5. Bg5 O-O 6. f3 h6 7. Bh4 c5 8. e3 f4
9. O-O-O fxe3 10. a3 cxd4 11. axb4 dxc3 12. Qxc3 Nc6 13. b5 Ne7 14. g4 a6 15.
b6 Qxb6 16. Bg3 d5 17. c5 Qc6 18. h4 Nxg4 19. fxg4 d4 20. Qxd4 Qxh1 21. Bd3 Qc6
22. Bd6 Rd8 23. Bc2 Re8 24. Bxe7 e5 25. Qxe5 Bxg4 26. Bb3+ Kh8 27. Rd6 Rxe7 28.
Qxe7 Qxc5+ 29. Bc2 1-0

[Event "17. Open de Sants Hostafrancs 2015"]
[Site "Barcelona ESP"]
[Date "2015.08.23"]
[Round "3.31"]
[White "Guerrero Sierra, Juan Carlos"]
[Black "Cawdery, Daniel"]
[Result "1-0"]
[WhiteElo "2275"]
[BlackElo "2424"]
[PlyCount "71"]
[EventDate "2015.08.21"]
[EventType "swiss"]
[EventRounds "10"]
[EventCountry "ESP"]
[SourceTitle "Ajedrez en Madrid"]
[Source "lmi"]
[SourceDate "2015.08.21"]

1. e4 c5 2. Nf3 Nc6 3. d4 cxd4 4. Nxd4 g6 5. c4 Bg7 6. Be3 Nf6 7. Nc3 Ng4 8.
Qxg4 Nxd4 9. Qd1 Ne6 10. Rc1 O-O 11. Be2 b6 12. O-O Bb7 13. f3 d6 14. Qd2 Re8
15. Rfd1 Rc8 16. Nb5 Ra8 17. Bf1 Qd7 18. b3 Nc7 19. Nc3 Ne6 20. g3 Red8 21. Bg2
Bc6 22. Qf2 Qb7 23. Nd5 Nc5 24. b4 Na4 25. Bd4 f6 26. Bh3 Kf7 27. Qc2 Bd7 28.
Bg2 Rac8 29. Qb3 e6 30. Ne3 b5 31. cxb5 Bxb5 32. f4 Rxc1 33. Rxc1 Rc8 34. Rd1
Qd7 35. f5 Re8 36. Bh3 1-0

[Event "17. Open de Sants Hostafrancs 2015"]
[Site "Barcelona ESP"]
[Date "2015.08.23"]
[Round "3.32"]
[White "Stella, Andrea"]
[Black "Veganzones Rojo, David"]
[Result "1-0"]
[WhiteElo "2423"]
[BlackElo "2149"]
[PlyCount "73"]
[EventDate "2015.08.21"]
[EventType "swiss"]
[EventRounds "10"]
[EventCountry "ESP"]
[SourceTitle "Ajedrez en Madrid"]
[Source "lmi"]
[SourceDate "2015.08.21"]

1. c4 c6 2. e4 d5 3. exd5 cxd5 4. cxd5 Nf6 5. Nc3 Nxd5 6. Nf3 Nc6 7. Bc4 Nb6 8.
Bb3 g6 9. d4 Bg7 10. d5 Na5 11. O-O O-O 12. Re1 Bg4 13. h3 Bxf3 14. Qxf3 Nxb3
15. axb3 Bxc3 16. bxc3 Qxd5 17. Qxd5 Nxd5 18. c4 Nb4 19. Rxe7 Nc2 20. Ra2 Nd4
21. Be3 Nf5 22. Rxb7 Nxe3 23. fxe3 a5 24. Rb5 a4 25. Rxa4 Rxa4 26. bxa4 Ra8 27.
a5 Ra6 28. Kf2 Rc6 29. c5 Kf8 30. e4 Ke8 31. Ke3 Kd8 32. Kd4 Ra6 33. Kd5 Kc8
34. c6 Ra7 35. Kd6 Ra6 36. e5 h6 37. Rb7 1-0

[Event "17. Open de Sants Hostafrancs 2015"]
[Site "Barcelona ESP"]
[Date "2015.08.23"]
[Round "3.33"]
[White "Akesson, Ralf"]
[Black "Ramirez Carrizo, Victor Jose"]
[Result "1-0"]
[WhiteElo "2418"]
[BlackElo "2122"]
[PlyCount "105"]
[EventDate "2015.08.21"]
[EventType "swiss"]
[EventRounds "10"]
[EventCountry "ESP"]
[SourceTitle "Ajedrez en Madrid"]
[Source "lmi"]
[SourceDate "2015.08.21"]

1. d4 d5 2. c4 e6 3. Nc3 c5 4. cxd5 exd5 5. Nf3 Nc6 6. g3 Nf6 7. Bg2 Be7 8. O-O
O-O 9. Bg5 c4 10. Ne5 Be6 11. b3 h6 12. Bxf6 Bxf6 13. Nxc6 bxc6 14. Na4 cxb3
15. axb3 Be7 16. Qc2 Rb8 17. e3 Rb5 18. Qxc6 Rxb3 19. Rfc1 Qa8 20. Qa6 Qb7 21.
Qxb7 Rxb7 22. Nc5 Bxc5 23. Rxc5 Rd8 24. Bf3 g5 25. g4 Kg7 26. Kg2 Rd6 27. h3
Rd8 28. Ra6 Rdb8 29. Rca5 Ra8 30. Kg3 Kf6 31. Bg2 Ke7 32. Rc6 Rd8 33. Rcc5 Rbd7
34. Rcb5 Kf8 35. Rc5 Kg7 36. Bh1 Kf8 37. Ra3 Rb8 38. Rca5 Rbb7 39. Rc3 Rd6 40.
Rcc5 Rbd7 41. Rc8+ Kg7 42. Ra8 Rb6 43. R8xa7 Rxa7 44. Rxa7 Kg6 45. Bf3 Rd6 46.
Be2 Rb6 47. Ra8 Rb2 48. Bf3 Rb6 49. Rd8 Rb5 50. Bg2 f5 51. Rd6 Kf6 52. gxf5
Kxf5 53. Bf3 1-0

[Event "17. Open de Sants Hostafrancs 2015"]
[Site "Barcelona ESP"]
[Date "2015.08.23"]
[Round "3.34"]
[White "Admiraal, Miguoel"]
[Black "Guennoun, Anthony"]
[Result "1-0"]
[WhiteElo "2414"]
[BlackElo "2086"]
[PlyCount "69"]
[EventDate "2015.08.21"]
[EventType "swiss"]
[EventRounds "10"]
[EventCountry "ESP"]
[SourceTitle "Ajedrez en Madrid"]
[Source "lmi"]
[SourceDate "2015.08.21"]

1. e4 c5 2. Nf3 Nc6 3. Bb5 g6 4. O-O Bg7 5. c3 Nf6 6. Re1 O-O 7. h3 d5 8. e5
Ne8 9. d4 c4 10. b3 Na5 11. bxc4 Nxc4 12. Nbd2 Nxd2 13. Qxd2 Nc7 14. Bd3 f6 15.
Ba3 fxe5 16. Nxe5 Bf5 17. Ng4 Rf7 18. Bxf5 gxf5 19. Ne5 Bxe5 20. Rxe5 Nb5 21.
Bc1 b6 22. a4 Nc7 23. Ba3 e6 24. Rae1 Qd7 25. Qd1 Rg7 26. Bc1 Rg6 27. h4 Rf8
28. Bf4 Rg4 29. Bg5 Re4 30. f3 Rxe5 31. Rxe5 Qf7 32. Qe1 Re8 33. Re2 Qg7 34.
Bf4 Qd7 35. Qg3+ 1-0

[Event "17. Open de Sants Hostafrancs 2015"]
[Site "Barcelona ESP"]
[Date "2015.08.23"]
[Round "3.35"]
[White "Castrillon Gomez, Melissa"]
[Black "Kobo, Ori"]
[Result "0-1"]
[WhiteElo "2183"]
[BlackElo "2412"]
[PlyCount "52"]
[EventDate "2015.08.21"]
[EventType "swiss"]
[EventRounds "10"]
[EventCountry "ESP"]
[SourceTitle "Ajedrez en Madrid"]
[Source "lmi"]
[SourceDate "2015.08.21"]

1. e4 e6 2. d4 d5 3. e5 c5 4. c3 Nc6 5. Nf3 Nh6 6. Bd3 cxd4 7. cxd4 Nf5 8. Bxf5
exf5 9. O-O Be6 10. Nc3 Be7 11. a3 Rc8 12. Qd3 g5 13. b4 f4 14. Ne2 Qd7 15. Bd2
Bf5 16. Qb3 g4 17. Ne1 f3 18. gxf3 gxf3 19. Nxf3 Be4 20. Ng3 Qh3 21. Rac1 h5
22. Rfe1 h4 23. Rxe4 dxe4 24. Nxe4 Rg8+ 25. Bg5 Bxg5 26. Nd6+ Kd7 0-1

[Event "17. Open de Sants Hostafrancs 2015"]
[Site "Barcelona ESP"]
[Date "2015.08.23"]
[Round "3.36"]
[White "Apap, Hugo"]
[Black "Roser, Kevin"]
[Result "0-1"]
[WhiteElo "2152"]
[BlackElo "2404"]
[PlyCount "54"]
[EventDate "2015.08.21"]
[EventType "swiss"]
[EventRounds "10"]
[EventCountry "ESP"]
[SourceTitle "Ajedrez en Madrid"]
[Source "lmi"]
[SourceDate "2015.08.21"]

1. d4 Nf6 2. Nf3 e6 3. e3 d5 4. Bd3 c5 5. b3 Nc6 6. O-O Bd6 7. Bb2 O-O 8. a3 b6
9. Nbd2 Bb7 10. c4 cxd4 11. exd4 Rc8 12. Rc1 dxc4 13. Nxc4 Bb8 14. Re1 Ne7 15.
Nfe5 Ng6 16. Nxg6 hxg6 17. Qe2 Qd5 18. f3 Bf4 19. Be4 Nxe4 20. fxe4 Qxe4 21.
Qxe4 Bxe4 22. Rc3 Bd5 23. g3 Bg5 24. h4 Bf6 25. Rcc1 g5 26. h5 Rfd8 27. Nd2 g4
0-1

[Event "17. Open de Sants Hostafrancs 2015"]
[Site "Barcelona ESP"]
[Date "2015.08.23"]
[Round "3.37"]
[White "Fraga Pons, Albert  Borja"]
[Black "Cori, Jorge"]
[Result "0-1"]
[WhiteElo "1958"]
[BlackElo "2635"]
[PlyCount "34"]
[EventDate "2015.08.21"]
[EventType "swiss"]
[EventRounds "10"]
[EventCountry "ESP"]
[SourceTitle "Ajedrez en Madrid"]
[Source "lmi"]
[SourceDate "2015.08.21"]

1. e4 c5 2. Nc3 e6 3. f4 d5 4. Bb5+ Nc6 5. Nf3 Nge7 6. exd5 exd5 7. Qe2 h5 8.
Ne5 Qd6 9. Bxc6+ bxc6 10. O-O Bf5 11. Re1 f6 12. Nf3 Kf7 13. d4 c4 14. b3 cxb3
15. axb3 Ng6 16. Rxa7+ Rxa7 17. Qe8+ Kg8 0-1

[Event "17. Open de Sants Hostafrancs 2015"]
[Site "Barcelona ESP"]
[Date "2015.08.23"]
[Round "3.38"]
[White "Le Goff, Damien"]
[Black "Nijboer, Friso"]
[Result "0-1"]
[WhiteElo "2279"]
[BlackElo "2566"]
[PlyCount "92"]
[EventDate "2015.08.21"]
[EventType "swiss"]
[EventRounds "10"]
[EventCountry "ESP"]
[SourceTitle "Ajedrez en Madrid"]
[Source "lmi"]
[SourceDate "2015.08.21"]

1. e4 d6 2. d4 Nf6 3. Nc3 g6 4. Nf3 Bg7 5. Be2 O-O 6. O-O c6 7. a4 Nbd7 8. h3
e5 9. dxe5 dxe5 10. Bc4 Qa5 11. Ra2 Qb4 12. Qe2 Nb6 13. Bb3 Nh5 14. a5 Nd7 15.
Qc4 Qe7 16. Bg5 Ndf6 17. Be3 Be6 18. Qc5 Qxc5 19. Bxc5 Bxb3 20. cxb3 Rfd8 21.
g3 Nd7 22. Be3 Bf8 23. Rd1 Ng7 24. Raa1 f6 25. Nd2 Ne6 26. Nc4 Ndc5 27. f4 exf4
28. gxf4 Nxb3 29. Rab1 Bb4 30. f5 gxf5 31. exf5 Ned4 32. Ne4 Kf7 33. Kf2 Nxf5
34. Rxd8 Rxd8 35. Bxa7 Re8 36. Ng3 Nxg3 37. Kxg3 Nxa5 38. Nxa5 Bxa5 39. Kf3 Re1
40. Rxe1 Bxe1 41. Bd4 Ke6 42. Ke4 f5+ 43. Kd3 Kd5 44. b3 c5 45. Bb2 b5 46. Ke3
Bg3 0-1

[Event "17. Open de Sants Hostafrancs 2015"]
[Site "Barcelona ESP"]
[Date "2015.08.23"]
[Round "3.39"]
[White "Chalmeta Ugas, Ramon"]
[Black "Libiszewski, Fabien"]
[Result "0-1"]
[WhiteElo "2271"]
[BlackElo "2533"]
[PlyCount "84"]
[EventDate "2015.08.21"]
[EventType "swiss"]
[EventRounds "10"]
[EventCountry "ESP"]
[SourceTitle "Ajedrez en Madrid"]
[Source "lmi"]
[SourceDate "2015.08.21"]

1. e4 c5 2. Nf3 Nc6 3. Bb5 g6 4. Bxc6 bxc6 5. d3 Bg7 6. O-O Nf6 7. h3 O-O 8.
Qe2 d6 9. Nh2 e5 10. Bg5 h6 11. Be3 Nh5 12. Nc3 Nf4 13. Qf3 g5 14. g4 Be6 15.
b3 Bf6 16. Rad1 Kg7 17. Ne2 Qa5 18. c3 Nxe2+ 19. Qxe2 Qxc3 20. Kg2 Qa5 21. Rh1
Rh8 22. Nf1 Kf8 23. Ng3 Ke8 24. Rc1 Kd7 25. Rc2 Be7 26. Qd1 Qb5 27. Qd2 a5 28.
Rb1 a4 29. b4 Rhb8 30. Rcc1 cxb4 31. d4 Ke8 32. Nh5 b3 33. Ng7+ Kd7 34. Qc3
exd4 35. Bxd4 c5 36. Bf6 Qb4 37. axb3 Qxe4+ 38. Kg1 Bd5 39. Kf1 Rxb3 40. Rxb3
axb3 41. Bxe7 Qh1+ 42. Ke2 Ra2+ 0-1

[Event "17. Open de Sants Hostafrancs 2015"]
[Site "Barcelona ESP"]
[Date "2015.08.23"]
[Round "3.40"]
[White "Ossa, Orlando"]
[Black "Andersen, Mads"]
[Result "1-0"]
[WhiteElo "2249"]
[BlackElo "2467"]
[PlyCount "61"]
[EventDate "2015.08.21"]
[EventType "swiss"]
[EventRounds "10"]
[EventCountry "ESP"]
[SourceTitle "Ajedrez en Madrid"]
[Source "lmi"]
[SourceDate "2015.08.21"]

1. e4 e6 2. d4 d5 3. Nd2 c5 4. exd5 Qxd5 5. Ngf3 cxd4 6. Bc4 Qd7 7. O-O Nc6 8.
Nb3 Nf6 9. Qe2 a6 10. a4 Qc7 11. Nbxd4 Nxd4 12. Nxd4 Bc5 13. Rd1 O-O 14. Bg5
Be7 15. Nf3 Bd7 16. Ne5 Rad8 17. Rd3 Bc8 18. Rg3 Nd5 19. Bh6 Bf6 20. Ng4 Bxb2
21. Rb1 gxh6 22. Rxb2 Kh8 23. Nxh6 Qf4 24. Qh5 Nf6 25. Nxf7+ Rxf7 26. Qxf7 Qh6
27. Rb1 Rd7 28. Qxe6 Rd1+ 29. Rxd1 Bxe6 30. Rd8+ Ng8 31. Rdxg8+ 1-0